[Event "45th Olympiad 2024"]
[Site "Budapest HUN"]
[Date "2024.09.12"]
[Round "2.37"]
[Board "4"]
[White "Mushore, Emarald Takudzwa"]
[Black "Smerdon, David C"]
[Result "0-1"]
[WhiteElo "2150"]
[BlackElo "2475"]
[PlyCount "44"]
[EventDate "2024.09.11"]
[WhiteTeam "Zimbabwe"]
[BlackTeam "Australia"]
[WhiteTeamCountry "ZIM"]
[BlackTeamCountry "AUS"]

1. e4 c5 2. Nf3 Nc6 3. d4 cxd4 4. Nxd4 g6 5. Nc3 Bg7 6. Be3 Nf6 7. h3 O-O 8. Qd2 d5 9. exd5 ({RR} 9. O-O-O dxe4 10. Nxc6 Qxd2+ 11. Rxd2 bxc6 12. Bc4 h5 13. Rhd1 a5 14. Na4 Bf5 15. a3 Rab8 16. Bf4 Rb7 17. Bg5 Ne8 18. Bb3 Nd6 19. Nc5 Ra7 20. Bf4 Rb8 21. a4 Kh7 22. c3 Rba8 23. Ba2 f6 {½-½ Jbuczyna (2434)-VoidChessICC (2472) PAL/CSS Freestyle op 3rd rapid 2006 (6)}) 9... Nxd5 10. Nxc6 bxc6 11. Bd4 e5 $146 ({RR} 11... Bxd4 12. Qxd4 Qa5 13. Qa4 Qb6 14. Qa3 e6 15. O-O-O Qxf2 16. Ne2 Ne3 17. Qe7 Nxd1 18. b3 Qe1 19. Qc5 Nc3+ 20. Kb2 Qb1+ 21. Ka3 Qxa2+ 22. Kb4 Nd5+ 23. Kc4 Qxc2+ 24. Kd4 Qe4+ {0-1 Arshinkova,B (1383)-Finek,V (2038) EU Union-ch U12 2019 (1)}) ({RR} 11... Bxd4 12. Qxd4 Qa5 13. Qa4 Qb6 14. Nd1 Bf5 15. c3 e5 16. Ba6 Rad8 17. O-O Nf4 18. Ne3 Bd3 19. Bxd3 Nxd3 20. b3 f5 21. Nc4 Qc7 22. Qa5 Qe7 23. Qa6 Rf6 24. Rad1 e4 25. Rd2 f4 26. Nb2 {0-1 Saltaev,M (2345)-Serper,G (2450) Agzamov Memorial 1987}) 12. Bc5 Nxc3 13. Qxc3 e4 14. Qa3 e3 15. Bxe3 Rb8 16. c3 Qd5 17. Rc1 Re8 18. b3 Bf5 19. Qa6 Rbd8 20. Be2 Qxg2 21. Rf1 Rxe3 22. fxe3 Be5 0-1

[Event "45th Olympiad 2024"]
[Site "Budapest HUN"]
[Date "2024.09.12"]
[Round "2.38"]
[Board "2"]
[White "Pelletier, Yannick"]
[Black "Sapalo, Gabriel"]
[Result "1-0"]
[WhiteElo "2526"]
[BlackElo "2058"]
[PlyCount "93"]
[EventDate "2024.09.11"]
[WhiteTeam "Switzerland"]
[BlackTeam "Angola"]
[WhiteTeamCountry "SUI"]
[BlackTeamCountry "ANG"]

1. Nf3 Nf6 2. c4 e6 3. Nc3 d5 4. d4 c5 5. cxd5 cxd4 6. Qxd4 exd5 7. e4 dxe4 8. Qxd8+ Kxd8 9. Ng5 Be6 10. Nxe6+ fxe6 11. Bc4 Kd7 $146 ({RR} 11... Nbd7 12. Bxe6 Bb4 13. Ke2 Re8 14. Bxd7 Kxd7 15. Rd1+ Ke6 16. Nb5 Rac8 17. Be3 a6 18. Nd4+ Kf7 19. Rac1 g6 20. Nb3 Rxc1 21. Rxc1 Bd6 22. h3 Be5 23. Nc5 Re7 24. b3 Bd6 25. Na4 Nd5 26. Nb6 {1-0 Bolbochan,J-Maderna,C Mar del Plata International-16 1953 (7)}) ({RR} 11... Ke7 12. O-O Nbd7 13. Be3 Rc8 14. Bb3 Nc5 15. Bxc5+ Rxc5 16. Rfe1 g6 17. Nxe4 Nxe4 18. Rxe4 e5 19. f4 Bg7 20. Rae1 Rf8 21. fxe5 Rf5 22. e6 Bxb2 23. Rd1 Rc7 24. g4 Rf8 25. Kg2 b5 26. Re2 {1-0 Carlsen,M (2862)-So,W (2770) Skilling op KO rapid 2020 (3.11)}) ({RR} 11... Ke7 12. Bg5 h6 13. Bxf6+ gxf6 14. Nxe4 Nd7 15. O-O f5 16. Ng3 Rc8 17. Rac1 Bg7 18. Rfe1 Ne5 19. Bb3 Rxc1 20. Rxc1 Rd8 21. Re1 Rd2 22. f4 Nd3 23. Rxe6+ Kd7 24. Nxf5 Bf8 25. g3 Rxb2 26. Rg6 {0-1 Yilmaz,M (2587)-Deac,B (2683) Titled Tue 27th Aug Late 2024 (5)}) ({RR} 11... Ke7 12. O-O Kf7 13. Nb5 Na6 14. a3 Be7 15. Be3 Rhc8 16. Rac1 Nc5 17. Rc2 a5 18. Rfc1 a4 19. Bxc5 Rxc5 20. Bxe6+ Kxe6 21. Rxc5 Bxc5 22. Rxc5 Rd8 23. Nc3 Rd2 24. Rb5 Nd5 25. h4 Nxc3 26. bxc3 {½-½ Radjabov,T (2753)-Tari,A (2654) Norway Chess 10th 2022 (2)}) 12. Bg5 Bb4 13. O-O-O+ Ke7 14. Rhe1 Bxc3 15. bxc3 Rc8 16. Rxe4 Rc6 17. Bd5 Rb6 18. Rde1 Nbd7 19. Rxe6+ Kf8 20. Rxb6 axb6 21. Bb3 Re8 22. Rxe8+ Kxe8 23. f3 Ke7 24. Kd2 Nc5 25. Ke3 h6 26. Bxf6+ Kxf6 27. Kd4 Ke7 28. f4 h5 29. g3 h4 30. gxh4 Kf6 31. Bc2 Ne6+ 32. Ke4 Nc5+ 33. Kd5 Ne6 34. Ke4 Nc5+ 35. Kd5 Ne6 36. f5 Nf4+ 37. Kd6 b5 38. Kc5 Ne2 39. Kb4 Ke5 40. a3 Nf4 41. Kxb5 Nd5 42. Kc5 Nxc3 43. Kb6 Kd6 44. Kxb7 Kc5 45. f6 gxf6 46. h5 Nb5 47. Bg6 1-0

[Event "45th Olympiad 2024"]
[Site "Budapest HUN"]
[Date "2024.09.12"]
[Round "2.38"]
[Board "4"]
[White "Kurmann, Oliver"]
[Black "Junior, Domingos"]
[Result "1-0"]
[WhiteElo "2421"]
[BlackElo "2183"]
[PlyCount "68"]
[EventDate "2024.09.11"]
[WhiteTeam "Switzerland"]
[BlackTeam "Angola"]
[WhiteTeamCountry "SUI"]
[BlackTeamCountry "ANG"]

1. e4 c6 2. d4 d5 3. Nd2 dxe4 4. Nxe4 Nf6 5. Nxf6+ exf6 6. c3 Bf5 7. Ne2 Bd6 8. Ng3 Bg6 9. Qe2+ Qe7 10. Qxe7+ Kxe7 11. f4 ({RR} 11. Bd2 h5 12. O-O-O h4 13. Re1+ Kf8 14. Ne4 Bc7 15. Nc5 b6 16. Nd3 Bd6 17. Bf4 Be7 18. Nb4 a5 19. Nc2 Nd7 20. Ne3 a4 21. Be2 Be4 22. Bg4 g5 23. Bc7 Ra7 24. Bxd7 Rxc7 25. Bf5 Bd5 {1-0 Sokolovsky,Y (2471)-Kochavi,O (2424) TCh-ISR 2024 (11.13)}) 11... Nd7 $146 ({RR} 11... Re8 12. Be2 Kf8 13. O-O h6 14. Bd2 Be4 15. Nxe4 Rxe4 16. Bd3 Re8 17. Rfe1 Nd7 18. c4 g6 19. g3 f5 20. Kf2 Nf6 21. Kf3 Re6 22. Bc3 Rae8 23. Rxe6 fxe6 24. a4 Kf7 25. c5 Be7 26. a5 {½-½ Topola,R (1961)-Ullrich,K (1605) POL-ch U17 Qual 2021 (1)}) ({RR} 11... h6 12. Kf2 Nd7 13. Kf3 Rae8 14. f5 Bxg3 15. fxg6 Bb8 16. Bd3 Nf8 17. Re1+ Kd8 18. Rxe8+ Kxe8 19. gxf7+ Kxf7 20. Bd2 Ne6 21. Bc4 Re8 22. Re1 f5 23. g4 Kf6 24. gxf5 Kxf5 25. Bxe6+ Rxe6 26. Rxe6 {½-½ Jozefik,A (1729)-Ullrich,K (1748) POL-ch U18 Sypniewo 2022 (7)}) 12. Kf2 Rhe8 13. h4 h6 14. h5 Bc2 15. Be3 f5 16. Rc1 Be4 17. Nxe4 fxe4 18. Be2 f5 19. c4 Nf8 20. g3 Ne6 21. Rhd1 Rf8 22. c5 Bc7 23. d5 cxd5 24. Rxd5 Rad8 25. Rcd1 Kf6 26. Bc4 Rxd5 27. Bxd5 Rd8 28. Ke2 b6 29. b4 bxc5 30. bxc5 Ke7 31. c6 a6 32. Bc1 Nc5 33. Bc4 Rxd1 34. Kxd1 e3 1-0

[Event "45th Olympiad 2024"]
[Site "Budapest HUN"]
[Date "2024.09.12"]
[Round "2.39"]
[Board "1"]
[White "Supi, Luis Paulo"]
[Black "Santos Flores, Alberto"]
[Result "1-0"]
[WhiteElo "2570"]
[BlackElo "2168"]
[PlyCount "109"]
[EventDate "2024.09.11"]
[WhiteTeam "Brazil"]
[BlackTeam "Ecuador"]
[WhiteTeamCountry "BRA"]
[BlackTeamCountry "ECU"]

1. c4 e6 2. Nf3 d5 3. g3 dxc4 4. Bg2 Nf6 5. O-O a6 6. Qc2 Bd6 7. Qxc4 b5 8. Qc2 Bb7 9. a4 ({RR} 9. b3 c5 10. Bb2 Nbd7 11. d3 O-O 12. Nbd2 Rc8 13. Rac1 Re8 14. Qb1 e5 15. Rfd1 Qb6 16. Qa1 h6 17. e3 Rcd8 18. a3 Qa7 19. h3 Qa8 20. e4 Qb8 21. Nf1 Nf8 22. Ne3 Ne6 23. Bxe5 Bxe5 {½-½ Supi,L (2556)-Mekhitarian,K (2531) Guayaquil zt 2.4 2019 (4)}) 9... c5 10. Nc3 Qb6 11. Ng5 $146 ({RR} 11. d3 Nbd7 12. axb5 axb5 13. Rxa8+ Bxa8 14. Qb3 b4 15. Na4 Qa6 16. Nd2 Bd5 17. Nc4 Bxc4 18. dxc4 Ne5 19. Bf4 Qxc4 20. Nxc5 Bxc5 21. Qxc4 Nxc4 22. Rc1 Kd7 23. Rxc4 Rc8 24. Kf1 Nd5 25. Bd2 g6 {½-½ Shimanov,A (2597)-Frolyanov,D (2556) Khanty-Mansiysk Governor Cup-A 8th 2012 (9)}) ({RR} 11. d3 O-O 12. axb5 axb5 13. Rxa8 Bxa8 14. Be3 Nbd7 15. b4 Ng4 16. Bxc5 Nxc5 17. bxc5 Bxc5 18. e3 Rc8 19. Nxb5 Nxe3 {0-1 Firat,B (2453)-Bluebaum,M (2643) Titled Tuesday intern op 17th April blitz 2017 (5)}) 11... Bxg2 12. Kxg2 b4 13. Nce4 Nbd7 14. d3 h6 15. Nxf6+ Nxf6 16. Nf3 O-O 17. b3 Rac8 18. Bb2 Nd7 19. Qc4 Be7 20. Rac1 Qb7 21. Rc2 Bf6 22. Bxf6 Nxf6 23. Rfc1 Nd5 24. d4 Nb6 25. Qd3 cxd4 26. Qxd4 Rxc2 27. Rxc2 Nd5 28. Rc4 a5 29. Rc5 Qa6 30. Qd3 Qb6 31. Qb5 Qxb5 32. Rxb5 Ra8 33. Nd4 Ra6 34. Rc5 Ne7 35. Nf3 Nc6 36. Nd2 Kf8 37. e3 Ke7 38. Nc4 Kd7 39. Kf3 Ra7 40. h4 Ra6 41. g4 Ra7 42. Ke4 Ra6 43. f4 f6 44. Kd3 Ra7 45. h5 Ra6 46. e4 Ra7 47. e5 Ra6 48. exf6 gxf6 49. g5 fxg5 50. fxg5 Ke7 51. gxh6 Kf8 52. Nxa5 Rxa5 53. Rxc6 Rxh5 54. Rxe6 Kf7 55. Rb6 1-0

[Event "45th Olympiad 2024"]
[Site "Budapest HUN"]
[Date "2024.09.12"]
[Round "2.39"]
[Board "2"]
[White "Noboa Silva, Kevin"]
[Black "Fier, Alexandr"]
[Result "1/2-1/2"]
[WhiteElo "2270"]
[BlackElo "2551"]
[PlyCount "172"]
[EventDate "2024.09.11"]
[WhiteTeam "Ecuador"]
[BlackTeam "Brazil"]
[WhiteTeamCountry "ECU"]
[BlackTeamCountry "BRA"]

1. d4 d5 2. c4 e6 3. Nc3 c6 4. cxd5 exd5 5. Bf4 Bd6 6. Bg3 Ne7 7. e3 Nf5 8. Bd3 Nxg3 9. hxg3 Nd7 10. Nf3 ({RR} 10. Qc2 Nf6 11. O-O-O g6 12. Kb1 Kf8 13. Nge2 Ng4 14. Nf4 Kg7 15. Qd2 Bxf4 16. gxf4 f5 17. Qe1 Re8 18. Ne2 Qe7 19. Ng1 a5 20. Nf3 Be6 21. Rc1 Qb4 22. Qe2 a4 23. a3 Qe7 24. Ne5 Nxe5 {1-0 Istratescu,A (2611)-Lautier,J (2682) Aix en Provence rapid 2004 (2.1)}) 10... Nf6 11. Qc2 h6 ({RR} 11... Qe7 12. O-O O-O 13. Rac1 g6 14. Rfe1 Bg4 15. Nh2 h5 16. Nxg4 Nxg4 17. Bxg6 fxg6 18. Qxg6+ Qg7 19. Qxd6 Rf6 20. Qa3 Nxf2 21. Re2 Qxg3 22. Qe7 Ng4 {0-1 Khasangatina,K (1088)-Truskavetsky,A (2348) Yialos Open 2023 (1.4)}) 12. Nh4 $146 ({RR} 12. O-O-O Be6 13. Ng5 Bg4 14. Rde1 O-O 15. Bh7+ Kh8 16. Bf5 Bxf5 17. Qxf5 Kg8 18. Nf3 Qc8 19. Qc2 Re8 20. e4 dxe4 21. Nxe4 Nxe4 22. Rxe4 Rxe4 23. Qxe4 Qe8 24. Qf5 Qc8 25. Qe4 Qe8 26. Qf5 {½-½ Ftacnik,L (2535)-Sakaev,K (2540) Brno 1992 (6)}) ({RR} 12. O-O-O Qc7 13. Nh4 Bd7 14. Bf5 O-O-O 15. Bxd7+ Rxd7 16. Nf5 Bf8 17. Kb1 g6 18. Nh4 Bd6 19. Nf3 Re7 20. Rc1 Kb8 21. Ne1 Qd7 22. Nd3 h5 23. Na4 Ne4 24. b4 Ree8 25. Nac5 Qe7 26. Ka1 Rc8 {½-½ Adla,D-Garbarino,R (2250) ARG-ch 60th Buenos Aires 1986 (7)}) 12... O-O 13. O-O Re8 14. Rfe1 Be6 15. Rad1 Bf8 16. a3 a5 17. Nf3 Bg4 18. Bf5 Bxf5 19. Qxf5 Qb6 20. Qc2 Re6 21. Na4 Qc7 22. Nc5 Bxc5 23. dxc5 a4 24. Rd4 Qa5 25. Rb4 Qa7 26. Rc1 Ne4 27. Nd2 Nf6 28. Nf3 Re7 29. Qd1 Re4 30. Nd4 Nd7 31. Nb5 Qa5 32. Rxe4 dxe4 33. Nd6 Nxc5 34. Qh5 Nd3 35. Qxf7+ Kh7 36. Nxb7 Qg5 37. Rc3 Ra7 38. Qe6 Nxf2 39. Kxf2 Rxb7 40. Qxe4+ Kh8 41. Rxc6 Rxb2+ 42. Kg1 Rb8 43. Ra6 Qxg3 44. Rxa4 Qe1+ 45. Kh2 Qb1 46. Qxb1 Rxb1 47. Kg3 Kh7 48. Ra6 h5 49. a4 Rb4 50. a5 Ra4 51. Ra7 Kh6 52. a6 Kg6 53. Ra8 Kg5 54. Kf3 h4 55. Ra7 g6 56. Ra8 Ra2 57. a7 Ra3 58. Kf2 Ra2+ 59. Kg1 Kg4 60. Rg8 Rxa7 61. Rxg6+ Kf5 62. Rg8 Re7 63. Kf2 Rh7 64. Rf8+ Ke4 65. Rf4+ Ke5 66. Rf3 Ke4 67. Rh3 Rh8 68. Ke2 Kf5 69. g3 Rg8 70. gxh4 Kg4 71. Rh1 Rh8 72. h5 Rh6 73. Kd3 Kf3 74. Rh4 Kg3 75. Rf4 Rxh5 76. Rf8 Ra5 77. e4 Kg4 78. Re8 Kf4 79. Rf8+ Kg4 80. Rf1 Kg5 81. Rf2 Ra3+ 82. Kd4 Ra4+ 83. Kd5 Ra5+ 84. Kd6 Ra6+ 85. Kc5 Ra5+ 86. Kb4 Re5 1/2-1/2

[Event "45th Olympiad 2024"]
[Site "Budapest HUN"]
[Date "2024.09.12"]
[Round "2.39"]
[Board "3"]
[White "Quintiliano, Renato R."]
[Black "Garzon Zapatanga, Christopher Leonel"]
[Result "1-0"]
[WhiteElo "2499"]
[BlackElo "2216"]
[PlyCount "95"]
[EventDate "2024.09.11"]
[WhiteTeam "Brazil"]
[BlackTeam "Ecuador"]
[WhiteTeamCountry "BRA"]
[BlackTeamCountry "ECU"]

1. d4 {Krasenkow,Michal} Nf6 2. c4 g6 3. Nc3 Bg7 4. e4 d6 5. Nf3 O-O 6. Be2 e5 7. d5 a5 8. h3 Na6 9. Bg5 Qe8 10. g4 Bd7 ({RR} 10... Kh8 11. Nd2 ({RR} 11. Be3) 11... Ng8 12. h4 f5 ({RR} 12... f6 13. Be3 f5 14. gxf5 gxf5 15. exf5 Bxf5 ({RR} 15... Nh6 16. Bh5 Qd7 17. f6 Rxf6 18. Nde4 Rf8 19. Qd2 Nf5 20. O-O-O) ({RR} 15... Bh6 16. Bg5 Bxg5 17. hxg5 Bxf5 18. Nde4) 16. Nde4 Nf6 17. Ng3 Qd7 18. h5 Rf7 19. h6 Bf8 20. Bd3 Bxd3 21. Qxd3 Ng4 22. Nce4 Nxe3 23. fxe3 Qg4 24. Kd2) ({RR} 12... h6 13. Be3 f5) 13. gxf5 ({RR} 13. f3 fxg4 ({RR} 13... f4 14. h5 Bf6 15. hxg6 Qxg6 16. Bxf6+ Nxf6 17. Nb3 b6 18. Qd2 Bd7 19. O-O-O) 14. fxg4 Nf6) 13... gxf5 14. Bh5 ({RR} 14. exf5 Bxf5 15. Nde4 Nf6 16. Ng3 Qd7 17. Rg1 Nb4 18. Rc1 e4) 14... Qd7 15. Qe2 ({RR} 15. exf5 Qxf5 16. Nde4 Nc5 17. Qe2 Nxe4 18. Nxe4 Nf6 19. Ng3 Qd7 20. Rg1 c6) 15... Nf6 16. Bf3 fxe4 ({RR} 16... Nc5 17. O-O-O fxe4 ({RR} 17... Qf7) 18. Ndxe4 Nfxe4 19. Nxe4 Qf5 20. Bg2 Nxe4 21. Bxe4 Qxf2 22. Qh5 ({RR} 22. Qxf2 Rxf2 23. Rdf1 Rxf1+ 24. Rxf1 Bg4 25. Rf7 Rc8) 22... Bf5 23. Rhf1 Bxe4 24. Rxf2 Rxf2) 17. Ndxe4 Nxe4 18. Nxe4 Nb4 ({RR} 18... Nc5 19. Nxc5 dxc5 20. Rg1) ({RR} 18... b6 19. Rg1 Nc5 20. Nxc5 bxc5 21. Be4 Qf7 22. f3) 19. Bg2 Qa4 ({RR} 19... c6) 20. Nc3 Qc2 21. Be4 Qxe2+ 22. Kxe2 Bg4+ 23. f3 Bh5 24. Rag1 Rf7 ({RR} 24... Na6 25. Be3 Bf6) 25. Be3 {1-0 Wei,Y (2743)-Jones,G (2640) Tata Steel-A 80th 2018 (4)} {RR} Rff8) ({RR} 10... Nd7 11. a3 Nb6 12. b3 Bd7 13. Rg1 Kh8 14. Be3 Qe7 15. h4 f5 16. g5 f4 17. Bxb6 cxb6 18. Nd2 f3 19. Bxf3 Rf4 20. Qe2 Rxh4 21. O-O-O Nc5 22. Kb2 Rf8 23. Rdf1 Rff4 24. b4 Na6 25. Kb3 {1-0 Hahn,M (2314)-Lohr,M (2047) 34th Staufer-Open 2024 (4.22)}) 11. Nd2 h6 $146 ({RR} 11... Nc5 12. h4 c6 13. Be3 cxd5 14. exd5 Qc8 15. Rg1 Ne8 16. h5 f5 17. hxg6 hxg6 18. g5 a4 19. Rc1 Nc7 20. f3 Qe8 21. Kf2 Rc8 22. Qf1 Rb8 23. Rh1 b5 24. cxb5 Nxb5 25. Nc4 Ne4+ 26. Nxe4 {1-0 Rahman,Z (2532)-Yanayt,E (2266) New York Masters 117th rapid 2004 (1)}) ({RR} 11... c6 12. f3 cxd5 13. cxd5 b5 14. a4 bxa4 15. Nc4 Qb8 16. Nxa4 Bxa4 17. Qxa4 Nc5 18. Qa3 a4 19. O-O Rc8 20. Qe3 Nfd7 21. Ra2 Nb3 22. Be7 Bf8 23. Bh4 Nd4 24. Bd3 Nc2 25. Bxc2 Rxc4 26. Bd3 {½-½ Pasztor,F (2270)-Portisch,F (2370) Budapest Balatontourist 1998 (9)}) 12. Be3 Nh7 13. h4 f5 14. gxf5 gxf5 15. exf5 Bxf5 16. Nde4 Nf6 17. f3 Nh5 18. Qd2 Nf4 19. O-O-O b6 20. Rdg1 Kh8 21. Bd1 Nc5 22. Bc2 Qe7 23. Rg3 Rf7 24. Rhg1 Bh7 25. Nxc5 bxc5 26. Bxh7 Kxh7 27. Rg4 Raf8 28. Ne2 h5 29. Rg5 Bh6 30. Bxf4 Rxf4 31. Nxf4 Bxg5 32. Rxg5 Rxf4 33. Rxh5+ Kg6 34. Rg5+ Kh6 35. Rg4 Qf6 36. Rxf4 exf4 37. Qxa5 Qxh4 38. Qc3 Qe7 39. a4 Kg5 40. Kd1 Qh7 41. a5 Qh1+ 42. Kc2 Qh2+ 43. Kb3 Qe2 44. Qg7+ Kf5 45. Qg4+ Kf6 46. Qxf4+ Kg7 47. Qg4+ Kf6 48. Qe6+ 1-0

[Event "45th Olympiad 2024"]
[Site "Budapest HUN"]
[Date "2024.09.12"]
[Round "2.39"]
[Board "4"]
[White "Mieles Palau, Daniel"]
[Black "Di Berardino, Diego Rafael"]
[Result "0-1"]
[WhiteElo "2321"]
[BlackElo "2472"]
[PlyCount "54"]
[EventDate "2024.09.11"]
[WhiteTeam "Ecuador"]
[BlackTeam "Brazil"]
[WhiteTeamCountry "ECU"]
[BlackTeamCountry "BRA"]

1. c4 c5 2. Nf3 Nf6 3. Nc3 d5 4. cxd5 Nxd5 5. g3 Nc6 6. Bg2 Nc7 7. O-O e5 8. d3 Be7 9. Nd2 Bd7 10. Nc4 f6 11. f4 b5 12. Ne3 O-O 13. Ned5 ({RR} 13. a4 b4 14. Ne4 f5 15. Nd2 exf4 16. gxf4 Bf6 17. Nb3 Qe7 18. Nc4 Rae8 19. e3 Rd8 20. Qc2 Be8 21. Bd2 Ne6 22. Rad1 Qd7 23. Be1 Bh5 24. Rd2 Ne7 25. Bg3 Kh8 26. Kh1 Qxa4 27. Ra1 Qd7 {0-1 Meier,G (2628)-Nepomniachtchi,I (2789) World Corporate Final rapid 2021 (4)}) 13... Rb8 14. Nxc7 Qxc7 15. a4 $146 ({RR} 15. f5 Nd4 16. g4 Bc6 17. Ne4 Ba8 18. Be3 Qa5 19. a4 Qb4 20. axb5 Qxb2 21. Rxa7 Rfe8 22. Bxd4 Qxd4+ 23. Kh1 Rxb5 24. Qa1 Rbb8 25. Qa6 Kh8 26. g5 Bxe4 27. Bxe4 c4 28. gxf6 Bxf6 29. Rf7 cxd3 {½-½ Edouard,R (2527)-Sengupta,D (2501) Hastings Masters 2023-24 (7.4)}) ({RR} 15. Nd5 Qd6 16. Nxe7+ Qxe7 17. Be3 exf4 18. Bxf4 Rb6 19. Qd2 Bg4 20. e4 Rd8 21. h3 Be6 22. Rfd1 Nb4 23. Qc3 Nxa2 24. Qa5 Nb4 25. Qxa7 Rb7 26. Qa5 Nc6 27. Qa6 Nb4 28. Qa5 Nxd3 29. e5 Rbd7 {0-1 Lindenmaier,R-Palkovi,J (2405) Oberliga Wuerttemberg 9293 1992}) 15... b4 16. Nd5 Qd6 17. Be3 Nd4 18. fxe5 fxe5 19. Nxe7+ Qxe7 20. Bxd4 exd4 21. Qb3+ Kh8 22. Rxf8+ Rxf8 23. Qd5 Bg4 24. Be4 Bxe2 25. Kg2 c4 26. Qxd4 cxd3 27. Bxd3 Bf3+ 0-1

[Event "45th Olympiad 2024"]
[Site "Budapest HUN"]
[Date "2024.09.12"]
[Round "2.40"]
[Board "4"]
[White "Pantzar, Milton"]
[Black "Mertens, Marc"]
[Result "1-0"]
[WhiteElo "2437"]
[BlackElo "2120"]
[PlyCount "105"]
[EventDate "2024.09.11"]
[WhiteTeam "Sweden"]
[BlackTeam "Luxembourg"]
[WhiteTeamCountry "SWE"]
[BlackTeamCountry "LUX"]

1. d4 Nf6 2. c4 g6 3. Nc3 d5 4. Nf3 Bg7 5. Bg5 Ne4 6. Bf4 c5 ({RR} 6... O-O 7. Nxd5 c5 8. Nc3 Qa5 9. e3 Nc6 10. Rc1 Rd8 11. d5 Nxc3 12. bxc3 Bxc3+ 13. Nd2 e6 14. e4 Nd4 15. Bd3 Bb2 16. Rb1 Qxa2 17. O-O a5 18. Bc7 Rd7 19. Bb6 Qa3 20. Bxc5 Qxc5 21. Rxb2 {½-½ Gelfand,B (2759)-Grischuk,A (2795) Sochi Tal Memorial Blitz 2014 (15)}) 7. cxd5 ({RR} 7. e3 cxd4 8. exd4 Nxc3 9. bxc3 O-O 10. Be2 Qa5 11. Qb3 Be6 12. O-O dxc4 13. Bxc4 Bxc4 14. Qxc4 Nd7 15. Rfc1 Rfc8 16. Qb3 b6 17. c4 Qf5 18. Be3 e5 19. Rd1 exd4 20. Nxd4 Qe4 21. Rac1 Nc5 {0-1 Garcia Lemos,F (2151)-Novik,M (2415) Titled Tue 12th Mar Late 2024 (8)}) 7... Qa5 $146 ({RR} 7... Nxc3 8. bxc3 Qxd5 9. e3 b6 10. Bb5+ Bd7 11. Bxd7+ Nxd7 12. O-O Qe4 13. Qa4 a6 14. c4 Ra7 15. Rac1 O-O 16. Rfd1 Rc8 17. Bg3 cxd4 18. exd4 Bh6 19. Re1 Qd3 20. Rcd1 Qc3 21. Qb3 Qxc4 22. Qxc4 {0-1 Repasi,Z (2166)-Torok,S (2290) Gyongyos Matra Cup 2003 (3)}) ({RR} 7... Nxc3 8. bxc3 cxd4 9. cxd4 Qxd5 10. e3 Qa5+ 11. Qd2 Qxd2+ 12. Kxd2 Nc6 13. Bb5 Bd7 14. Rab1 a6 15. Bd3 b5 16. Rhc1 O-O 17. d5 Na5 18. Rc7 Rfd8 19. e4 Rac8 20. Rbc1 Nc4+ 21. Bxc4 Rxc7 22. Bxc7 {1-0 Yilmaz,M (2630)-Ohanyan,E (2324) Titled Arena May 8th blitz 2021}) 8. Be5 cxd4 9. Qxd4 Nxc3 10. b4 Nb5 11. bxa5 Nxd4 12. Bxg7 Nxf3+ 13. exf3 Rg8 14. Bd4 e6 15. Rc1 Bd7 16. dxe6 fxe6 17. Bc4 Nc6 18. Bc3 Ne7 19. O-O Nd5 20. Bd4 Bc6 21. Rfe1 Kd7 22. Bb3 a6 23. Be5 Rac8 24. h3 Bb5 25. Kh2 Rc6 26. Red1 Rgc8 27. Rb1 Rc5 28. Bd4 R5c6 29. Be5 Rc5 30. Bd4 R5c6 31. a4 Bc4 32. Be5 b5 33. axb5 Bxb5 34. f4 Rc5 35. Bd4 R5c6 36. Be5 Ke7 37. Bxd5 exd5 38. Rxd5 Rc2 39. Bd4 Kf7 40. f5 Re8 41. fxg6+ hxg6 42. Rd6 Re6 43. Rxe6 Kxe6 44. Rb3 Ra2 45. Bb6 Rc2 46. Rg3 Kf5 47. Rf3+ Ke5 48. Re3+ Kd5 49. Re7 Rc3 50. Rg7 Bd3 51. Kg3 Ra3 52. h4 Ra4 53. Rd7+ 1-0

[Event "45th Olympiad 2024"]
[Site "Budapest HUN"]
[Date "2024.09.12"]
[Round "2.41"]
[Board "2"]
[White "Efimov, Igor"]
[Black "Suleymenov, Alisher"]
[Result "0-1"]
[WhiteElo "2338"]
[BlackElo "2484"]
[PlyCount "64"]
[EventDate "2024.09.11"]
[WhiteTeam "Monaco"]
[BlackTeam "Kazakhstan"]
[WhiteTeamCountry "MNC"]
[BlackTeamCountry "KAZ"]

1. Nf3 {Avrukh,Boris} Nf6 2. d4 g6 3. g3 Bg7 4. Bg2 d5 5. O-O O-O 6. Nbd2 a5 7. b3 ({RR} 7. a4 Nc6 ({RR} 7... Na6 8. Nb3 ({RR} 8. Ne5 c5 9. e3 Bf5 10. g4 Be6 11. f4 cxd4 12. exd4 Qb6 13. c3) 8... b6 9. c3 Bb7 10. Bf4 c5 11. Ne5 e6 12. Qc1 Rc8 13. Bh6 cxd4 14. Nxd4 Nd7) 8. c3 Re8 9. c4 Bf5 10. cxd5 Nb4 11. Ne1 Nbxd5 12. e4 Bg4 13. Bf3 Bxf3 14. Qxf3 Nb4 15. Nb3 e5 16. d5 c6 17. dxc6 Nxc6 18. Bg5 Qb6 19. Bxf6 Bxf6 20. Nc2 Bg7 21. Rfd1 Rad8 {½-½ Mosadeghpour,M (2473)-Babujian,L (2346) 2nd Taq-e Bostan Cup 2024 (6.2)}) ({RR} 7. Ne5 c5 ({RR} 7... Ng4 8. Nxg4 Bxg4 9. h3 Be6 10. c3 c6 11. a4 Nd7 12. e4 dxe4 13. Nxe4) 8. c3 cxd4 9. cxd4 Qb6 10. Ndf3 Nc6 ({RR} 10... Bf5 11. b3 Be4 12. Ba3 Re8 13. Bc5 Qc7 14. Rc1 Nc6 15. Nxc6 bxc6 16. e3) 11. b3 Ne4 12. Nxc6 ({RR} 12. Bb2 a4) 12... bxc6 13. Ba3 a4 14. e3 ({RR} 14. Bxe7 Re8 15. Bc5 ({RR} 15. Ba3 Nc3 16. Qd2 Nxe2+ 17. Kh1 Nxd4) 15... Nxc5 16. dxc5 Qa6 17. Rc1 Rxe2 ({RR} 17... Qxe2 18. Re1 Qxd1 19. Rcxd1 Be6 20. Nd4) 18. Rc2 Rxc2 19. Qxc2 Bf5) 14... Re8 15. Ne5 Bf5 ({RR} 15... Ba6 16. Re1 axb3 17. axb3 ({RR} 17. Qxb3 Qxb3 18. axb3 Bxe5 19. dxe5 Nd2 20. b4 Nc4) 17... Bxe5 18. dxe5 Nc5 19. Qd4 Nd7 20. Rec1) 16. f3 Nc3 17. Qd2 Bxe5 18. Qxc3 ({RR} 18. Bc5 Qb5 19. Qxc3 Bg7 20. e4 Be6 21. b4) ({RR} 18. dxe5 axb3 19. Qxc3 Rxa3 20. axb3 Rxb3) 18... Bd6 19. Bc5 ({RR} 19. Bxd6 exd6 20. b4 a3 21. Rfc1 Rec8 22. g4 Be6 23. Rab1) 19... Bxc5 20. dxc5 Qb5 21. b4 a3 {½-½ Efimov,I (2494)-Romanishin,O (2572) Cutro 05th 1999 (1)} {RR} 22. e4 Be6 ({RR} 22... dxe4 23. fxe4 Be6 24. Rfd1) 23. Rfd1 Red8 24. e5) ({RR} 7. a4 c6 8. Ne5 Ng4 9. Ndf3 Nxe5 10. Nxe5 Nd7) ({RR} 7. Re1 Nc6 8. c3 Bf5 9. Nh4 Be6 10. e4 dxe4 11. Nxe4 Nxe4 12. Bxe4 Bd5 13. Bd3 e5) 7... a4 8. Ba3 c6 $146 ({RR} 8... Ne4 9. Nxe4 dxe4 10. Ne5 f6 11. Nc4 f5 12. e3 Nc6 13. f4 b5 14. Ne5 Bxe5 15. fxe5 b4 16. Bb2 e6 17. Qd2 Ba6 18. Rfd1 Qd5 19. Rac1 Rfd8 20. c4 bxc3 21. Qxc3 Bb5 22. Qe1 Qd7 23. d5 {1-0 Vachier Lagrave,M (2811)-Ragger,M (2700) Bundesliga 1617 2016 (14.2)}) ({RR} 8... Re8 9. e3 Bf5 10. c4 c6 11. Qe2 Nbd7 12. Rfc1 e5 13. dxe5 Nxe5 14. Nxe5 Rxe5 15. Bb2 Re8 16. cxd5 cxd5 17. Nf3 Be4 18. bxa4 Rxa4 19. Qb5 Qa5 20. Qxa5 Rxa5 21. Rc7 Rb5 22. Bd4 Bxf3 23. Bxf3 {½-½ Vachier Lagrave,M (2780)-Ding,L (2805) Abidjan GCT rapid 2019 (2)}) 9. e3 Bf5 10. Ne5 Nbd7 11. g4 Nxe5 12. gxf5 Neg4 13. Qf3 Nh6 14. fxg6 hxg6 15. Qh3 Re8 16. f4 axb3 17. axb3 Qa5 18. b4 Qb5 19. Rfe1 Ra4 20. Bf1 Qb6 21. b5 Qa5 22. Nb3 Qc3 23. e4 Nxe4 24. Qxc3 Nxc3 25. bxc6 bxc6 26. Bb2 Rxa1 27. Rxa1 Ne4 28. Ra7 c5 29. Na5 Rb8 30. Nb7 Nf5 31. Bd3 Nxd4 32. Kg2 Nc6 0-1